书目信息 |
| 题名: |
中国古算解趣
|
|
| 作者: | 郁祖权 著 ;黄澍 插图 | |
| 分册: | ||
| 出版信息: | 北京 科学出版社 2004 |
|
| 页数: | 258页 | |
| 开本: | 23cm | |
| 丛书名: | 好玩的数学 | |
| 单 册: | ||
| 中图分类: | O112 | |
| 科图分类: | ||
| 主题词: | 古典数学--中国--通俗读物 | |
| 电子资源: | ||
| ISBN: | 7-03-014240-3 | |
| 000 | 01023oam2 2200277 45 | |
| 001 | 0900000018308 | |
| 005 | 20050906155927.56 | |
| 010 | @a7-03-014240-3@dCNY19.80 | |
| 100 | @a20041208d2004 ekmy0chiy0120 ea | |
| 101 | 0 | @achi |
| 102 | @aCN@b110000 | |
| 105 | @aa az 000yy | |
| 200 | 1 | @a中国古算解趣@Azhong guo gu suan jie qu@f郁祖权著@Fyu zu quan zhu@g黄澍插图 |
| 210 | @a北京@c科学出版社@d2004 | |
| 215 | @a258页@c图@d23cm | |
| 225 | 2 | @a好玩的数学@f张景中主编 |
| 320 | @a有书目 | |
| 330 | @a本书以通俗艺术的形式介绍韩信点兵、苏武牧羊、李白洁酒等40余个中国古算名题;以题说法、讲解我国古代很有影响的一些数学方法,如更相减损法、出入相补法、大衍求一术等;以法传知,叙述这些算法的历史背景和实际应用,并对相关的中算典籍、著名数学家的生平及其贡献做了简要介绍。 | |
| 461 | 0 | @12001 @a好玩的数学 |
| 606 | 0 | @a古典数学@y中国@x通俗读物 |
| 690 | @aO112@v4 | |
| 701 | 0 | @a郁祖权@Ayu zu quan@4著 |
| 702 | 0 | @a黄澍@Ahuang shu@4插图 |
| 801 | 0 | @aCN@bTSSF@c20050906 |
| 905 | @a10447@dO112@e33 | |
| 999 | @aAFJ@eJDD | |
| 中国古算解趣/郁祖权著/黄澍插图.-北京:科学出版社,2004 |
| 258页:图;23cm.-(好玩的数学/张景中主编) |
| ISBN 7-03-014240-3:CNY19.80 |
| 本书以通俗艺术的形式介绍韩信点兵、苏武牧羊、李白洁酒等40余个中国古算名题;以题说法、讲解我国古代很有影响的一些数学方法,如更相减损法、出入相补法、大衍求一术等;以法传知,叙述这些算法的历史背景和实际应用,并对相关的中算典籍、著名数学家的生平及其贡献做了简要介绍。 |
| ● |
| 相关链接 |
|
|
|
|
正题名:中国古算解趣
索取号:O112/33
 
预约/预借
| 序号 | 登录号 | 条形码 | 馆藏地/架位号 | 状态 | 备注 |
| 1 | 0360427 | 3604273 | 第二样本阅览室/ [索取号:O112/33] | 在馆 | |
| 2 | 0360428 | 3604282 | 第三借阅区/ [索取号:O112/33] | 在馆 | |
| 3 | 0360429 | 3604291 | 第三借阅区/ [索取号:O112/33] | 在馆 | |
| 4 | 0360430 | 3604308 | 第三借阅区/ [索取号:O112/33] | 在馆 | |
| 5 | 0360431 | 3604317 | 第三借阅区/ [索取号:O112/33] | 在馆 |